000 00813nam a2200217 i 4500
001 134808
003 ES-MaACL
005 20250702054826.0
007 t|
008 070628m19001965uy ||||1| spa d
080 _a84-821"18/19"
100 1 _aFrance, Anatole,
_d1844-1924
_9240108
245 1 0 _aHacia mejores tiempos
_b: (discursos, alocuciones y cartas de Anatole France) y La oración sobre la Acrópolis de Ernesto Renan ; (versión castellana de Carlos M. Princivalle) /
_cAnatole France.
260 _aMontevideo :
_bLa Facultad,
_c[s.a.]
300 _a232 p., 4 h. ;
_c21 cm.
700 1 _aRenan, Ernest,
_d1823-1892
_996168
700 1 _aPrincivalle, Carlos M.
_993982
740 3 _aLa oración sobre la Acrópolis.
852 _aES-MaACL
_jC-26633
_bR.55252
999 _c134808
_d134808